000
00364nam a22001337a 4500
020
_a
9781138836938
082
_a
307.14
100
_a
Robert Chambers
245
_a
Rural Development: putting the last first
_c
Robert Chambers
260
_a
New York
_b
Routledge
_c
2013
300
_a
246p
942
_2
ddc
_c
BK
999
_c
586351
_d
586351